000 03216nam0a22003491i 4500
001 RU\VMP\17358
005 20250106131820.0
035 _a(РНБ)rc\1323447
100 _a20140617d1837 |||y0rusy5089 ca
101 0 _arus
102 _aRU
105 _aa z |||a|
200 1 _aУндина
_eСтаринная повесть, рассказанная на немецком языке в прозе бароном Ф. Ламотт Фуке, на русском в стихах, В. Жуковским.
_f[Ил. Майделя]
210 _aСанктпетербург
_cВ типографии Экспедиции заготовления государственных бумаг
_d1837
215 _a[2], 244 с., 1 л. фронт. (ил.), 19 л. ил.
_d24
300 _aС. 241 ошибочно помечена: 243
700 1 _7ca
_aЖуковский
_bВ. А.
_cпоэт
_f1783-1852
_gВасилий Андреевич
702 1 _4440
_7ca
_aМайдель
_bф.-Л. фон
_f1795-1846
_gФридрих-Людвиг фон
702 1 _4100
_9z01790
_aЛамотт Фуке
_bФ.Г.К.
_f1777-1843
_gФридрих Генрих Карл
790 1 _9z01702
_aФуке
_bФ. де ла М.
_f1777-1843
_gФридрих де ла Мотт
702 1 _514987
_4390
_aАльмединген
_gАлексей Николаевич
702 1 _514988
_4390
_aРодевич
_bВсеволод
610 _514987
_a18-19 век
610 _514988
_a18-19 век
610 _514989
_a18-19 век
942 _cBOOK
090 _a17358